Pháp lệnh của ủy ban thường vụ quốc hội khóa X

Guardado en:
Detalles Bibliográficos
Formato: Libro
Lenguaje:Undetermined
Publicado: Hà Nội CTQG 2002
Materias:
Etiquetas: Agregar Etiqueta
Sin Etiquetas, Sea el primero en etiquetar este registro!
Thư viện lưu trữ: Trung tâm Học liệu Trường Đại học Cần Thơ
LEADER 00476nam a2200169Ia 4500
001 CTU_61959
008 210402s9999 xx 000 0 und d
020 |b 60000 
082 |a 348.597025 
082 |b Ph109 
245 0 |a Pháp lệnh của ủy ban thường vụ quốc hội khóa X 
260 |a Hà Nội 
260 |b CTQG 
260 |c 2002 
650 |a delegated regulations 
904 |i Minh 
980 |a Trung tâm Học liệu Trường Đại học Cần Thơ